000 00633nam a2200253Ia 4500
003 OSt
005 20220928111222.0
006 a|||||r|||| 00| 0
007 ta
008 220927b |||||||| |||| 00| 0 eng d
024 _a70843
037 _cTextual
040 _aSDCL
_cSDCL
_beng
041 _2eng
_aeng
082 _aX:57, P4
100 _aMadura Jeff
_9422784
245 0 _aInternational financial management.
250 _a7
260 _aAustralia
_bThomson
_c2004
300 _a696p
_ccm.
650 _aForeign Exchange
942 _hX:57, P4
_cTEXL
_2CC
999 _c739197
_d739197